000 00219nam a22000857a 4500
008 161121b xxu||||| |||| 00| 0 eng d
100 _91307
_aSingh.R.P.
245 _aMathematics-Vol-II
260 _aNew Delhi
_bV.K. global
_c2014
999 _c4019
_d4019